Szczegóły MARC21

Lexique des termes littéraires /

003 -Nazwa inst., której nr kontr. jest w polu 001 [,]
    • @
    • Nazwa instytucji, której n kontrolny jest w polu 001
    • NUKAT
005 -DATA I CZAS OSTATNIEJ MODYFIKACJI [,]
    • @
    • pole kontrolne
    • 20241231092120.0
020 -Międzynarod. znormalizowany nr książki - ISBN [ , ]
    • a
    • Numer ISBN
    • 9782253067450 Find
040 -Instytucja sporządzająca opis [ , ]
    • a
    • Instytucja, która sporządziła opis (NP)
    • SZCZ U/JS
    • c
    • Instytucja, która sporządziła rekord (NP)
    • SZCZ U/JS
    • d
    • Instytucja, która zmodyfikowała rekord (P)
    • SZCZ U/MSZ
942 -Rodzaj dokumentu [ , ]
    • c
    • Rodzaj dokumentu
    • Książka
245 -Strefa tytułu i oznaczenia odpowiedzialności [0,0]
    • a
    • Tytuł
    • Lexique des termes littéraires / Find
    • c
    • Pozostałe elementy strefy tytułu i oznaczenia odpowiedzialności (NP)
    • ouvrage dirigé par Michel Jarrety ; avec la collaboration de Michèle Aquien, Dominique Boutet, Emmanuel Bury, Pierre Frantz, Daniel Ménager, Gilles Philippe, Yves Vadé.
250 -Strefa wydania [ , ]
    • a
    • Oznaczenie wydania (NP)
    • Éd. 8.
260 -Strefa adresu wydawniczego [ , ]
    • a
    • Miejsce wydania (P)
    • Paris :
    • b
    • Nazwa wydawcy (P)
    • Librairie Générale Française,
    • c
    • Data wydania (P)
    • 2013.
300 -Strefa opisu fizycznego [ , ]
    • a
    • Określenie formy książki i/lub objętość (NP)
    • 475, [4] s. ;
    • c
    • Format (NP)
    • 18 cm.
336 -Typ zawartości [ , ]
    • a
    • Termin opisujący typ zawartości
    • Tekst
    • b
    • Kod określający zawartość
    • txt
    • 2
    • Źródło (terminu i kodu)
    • rdacontent
337 -Typ mediów [ , ]
    • a
    • Tryb odtwarzania
    • Bez urządzenia pośredniczącego
    • b
    • Kod typu mediów
    • n
    • 2
    • Źródło (terminu i kodu)
    • rdamedia
338 -Typ/rodzaj nośnika [ , ]
    • a
    • Hasło opisujące typ nośnika
    • Wolumin
    • b
    • Kod typu nośnika
    • nc
    • 2
    • Źródło (terminu i kodu)
    • rdacarrier
490 -Strefa serii i książki wielotomowej - forma nie do wyszukiwania [1, ]
    • a
    • Tytuł (P)
    • Le Livre de Poche ; Find
    • v
    • Numeracja (P)
    • 4664
830 -Hasło dodatkowe serii i opisu książki wielotomowej - tytuł ujednolicony/tytuł [ ,3]
    • a
    • Tytuł ujednolicony/tytuł (NP)
    • Le Livre de Poche
    • x
    • ISSN
    • 0248-3653
    • v
    • Oznaczenie tomu (NP)
    • 4664
    • 9
    • KHW
    • 16278
080 -Uniwersalna Klasyfikacja Dziesiętna [ , ]
    • 2
    • Identyfikator wydania tablic
    • UDC-P058
    • 9
    • UKD
    • 6625
    • a
    • Symbol klasyfikacji
    • 82.0
    • b
    • Dopowiedzenie
    • Teoria literatury. Nauka o literaturze. Poetyka.
    • 4
    • UKD2
    • 8297
    • x
    • Poddział wspólny
    • (03)
    • c
    • Dopowiedzenie poddz. wspólnego
    • (Encyklopedie. Słowniki encyklopedyczne. Wydawnictwa informacyjne).
    • 4
    • UKD2
    • 7653
    • x
    • Poddział wspólny
    • =133.1
    • c
    • Dopowiedzenie poddz. wspólnego
    • =Język francuski.
650 -Hasło przedmiotowe [ ,7]
    • a
    • Hasło przedmiotowe
    • Literatura
    • x
    • Określnik rzeczowy
    • terminologia.
    • 2
    • Źródło terminu
    • kaba
    • 9
    • KHW
    • 117069
980 -Symbol UKD [ , ]
    • a
    • UKD
    • 82.0(03)=133.1
700 -Hasło dodatkowe - nazwa osobowa [1, ]
    • a
    • Nazwa osobowa (NP)
    • Jarrety, Michel Find
    • d
    • Daty biograficzne (NP)
    • (1953- ).
    • e
    • Określenie rodzaju współpracy
    • Red.
    • 9
    • KHW
    • 78664
700 -Hasło dodatkowe - nazwa osobowa [1, ]
    • a
    • Nazwa osobowa (NP)
    • Aquien, Michèle. Find
    • e
    • Określenie rodzaju współpracy
    • Oprac.
    • 9
    • KHW
    • 78665
700 -Hasło dodatkowe - nazwa osobowa [1, ]
    • a
    • Nazwa osobowa (NP)
    • Boutet, Dominique. Find
    • e
    • Określenie rodzaju współpracy
    • Oprac.
    • 9
    • KHW
    • 79666
700 -Hasło dodatkowe - nazwa osobowa [1, ]
    • a
    • Nazwa osobowa (NP)
    • Bury, Emmanuel. Find
    • e
    • Określenie rodzaju współpracy
    • Oprac.
    • 9
    • KHW
    • 78667
700 -Hasło dodatkowe - nazwa osobowa [1, ]
    • a
    • Nazwa osobowa (NP)
    • Frantz, Pierre Find
    • d
    • Daty biograficzne (NP)
    • (1949- ).
    • e
    • Określenie rodzaju współpracy
    • Oprac.
    • 9
    • KHW
    • 78668
700 -Hasło dodatkowe - nazwa osobowa [1, ]
    • a
    • Nazwa osobowa (NP)
    • Ménager, Daniel Find
    • d
    • Daty biograficzne (NP)
    • (1936- ).
    • e
    • Określenie rodzaju współpracy
    • Oprac.
    • 9
    • KHW
    • 78669
700 -Hasło dodatkowe - nazwa osobowa [1, ]
    • a
    • Nazwa osobowa (NP)
    • Philippe, Gilles Find
    • d
    • Daty biograficzne (NP)
    • (1966- ).
    • e
    • Określenie rodzaju współpracy
    • Oprac.
    • 9
    • KHW
    • 78670
700 -Hasło dodatkowe - nazwa osobowa [1, ]
    • a
    • Nazwa osobowa (NP)
    • Vadé, Yves Find
    • d
    • Daty biograficzne (NP)
    • (1933- ).
    • e
    • Określenie rodzaju współpracy
    • Oprac.
    • 9
    • KHW
    • 78671
710 -Hasło dodatkowe - nazwa ciała zbiorowego [2, ]
    • a
    • Nazwa ciała zbiorowego lub nazwa geograficzna jako pierwszy element (NP)
    • Librairie générale française.
    • 4
    • Kod relacji
    • pbl
    • 9
    • KHW
    • 78672
920 -ISBN [ , ]
    • a
    • ISBN
    • 978-2-253-06745-0 Find
Numer inwentarzowy Data inwentaryzacji Status udost. Lokalizacja Sygnatura
P.244732014-06-261BMFR. Literaturozn. - słowniki 05